Amigo amigão! (Registo nº 6016)

Detalhes MARC
000 -Etiqueta do registo
Valores 00789nam 22002413 4500
010 ## - Número ISBN
ISBN 9789728769314
021 ## - Número do Depósito Legal
Número 198759/03
100 ## - Dados gerais de processamento
Dados gerais 20250925d2010 u||y0pory50 ba
200 ## - Titulo e menção de responsabilidade
Título próprio Amigo amigão!
Informação de outro título Armindo Reis
Primeira menção de responsabilidade il. Isabel Paiva
210 ## - Publicação
Local de publicação Alfragide
Nome do editor Gailivro
Data de publicação 2010
215 ## - Descrição física 
Paginação / Volumes 29 p.
Outras indicações físicas il.
330 ## - Sumário ou Resumo
Texto da nota Várias definições do que é um amigo e da importância da amizade na nossa vida. "Um amigo é aquele que está sempre pronto a puxar-nos para cima".
606 ## - Nome comum usado como assunto
ID Autoridade 14
Palavra de ordem Literatura infantil
606 ## - Nome comum usado como assunto
ID Autoridade 15
Palavra de ordem Literatura Portuguesa
675 ## - CDU
Notação 82-93
Edição BN
Língua por
675 ## - CDU
Notação 821.134.3
Edição BN
Língua por
700 ## - Autor principal (pessoa individual)
ID Autoridade 3962
Apelido Reis
Nome Armindo
702 ## - Autor secundário (pessoa individual)
ID Autoridade 3963
Apelido Paiva
Nome Isabel
801 ## - Fonte de origem
País PT
Agência BEN2VN
Regras de catalogação RPC
830 ## - Notas gerais do catalogador
Criado por Tânia Croca
Data de criação 25/09/2025
990 ## - Elementos KOHA
Tipo de documento Livro
Exemplares
Situação do levantamento Biblioteca de origem Código de barras Cota Permissão de empréstimo Tipo de documento Forma de aquisição
  Biblioteca Escola Nº2 Vendas Novas 100000032911 LI POR/REI   Livro  

Powered by Koha